000 03446nam0a2200421 4500
001 RU\NLR\BIBL_A\012001734
005 20230614145156.0
010 _a978-5-88526-988-9
_960
021 _aRU
_bКН-П-19-024015
_9КН-П-19-1814
035 _a(NLR Aleph) 012001734
035 _a(RuMoRGB)009937781
090 _a11408364
_c11408364
100 _a20190426d2018 k y0rusy50 ca
101 0 _arus
_deng
102 _aRU
105 _aac z 100zy
200 1 _aГносеологические аспекты образования
_e[материалы III Международной научно-практической конференции]
_eмеждународный сборник научных трудов, посвящённый памяти профессора С. П. Баранова
_fМинистерство науки и высшего образования Российской Федерации, Федеральное государственное бюджетное образовательное учреждение высшего образования "Липецкий государственный педагогический университет имени П. П. Семенова-Тян-Шанского", Институт психологии и образования
_g[ответственные редакторы: А. Ж. Овчинникова, доктор педагогических наук, профессор, Л. З. Цветанова-Чурукова, доктор педагогических наук]
210 _aЛипецк
_cЛипецкий государственный педагогический университет имени П. П. Семенова-Тян-Шанского"
_d2018
215 _a515 с.
_cил., табл., портр.
_d20
300 _aРез. англ.
320 _aБиблиогр. в конце ст.
600 1 _aБаранов
_bС. П.
_gСергей Петрович
_f1927 - 2013
_jСъезды, совещания и т.п
_2nlr_sh2
_3RU\NLR\AUTH\6601605211
606 1 _aОбразование
_xФилософские вопросы
_jСъезды, совещания и т.п
_2nlr_sh2
_3RU\NLR\AUTH\66769152
686 1 _aЧ30в.я431
686 1 _aЧ33(2)7-8Баранов.я431
686 1 _aЮ252:Ч30я431
702 1 _aОвчинникова
_bА. Ж.
_cд-р. пед. наук
_f1954-
_gАлександра Жоресовна
_3RU\NLR\AUTH\773092
_4340
702 1 _aЦветанова-Чурукова
_bЛ. З.
_gЛидия Здравкова
_3RU\NLR\AUTH\770165199
_4340
702 1 _aБаранов
_bС. П.
_cканд. пед. наук
_f1929-2013
_gСергей Петрович
_3RU\NLR\AUTH\777258
_4570
711 1 2 _a"Гносеологические аспекты образования", международная научно-практическая конференция
_d3
_f2018
_eЛипецк
_3RU\NLR\AUTH\880500959
712 0 2 _aЛипецкий государственный педагогический университет им. П. П. Семенова-Тян-Шанского
_bИнститут психологии и образования
_3RU\NLR\AUTH\880500701
_4570
942 _cBOOK
980 _aNBR
980 _aNB